| 000 | 00660nam0a22002291 4500 | ||
|---|---|---|---|
| 001 | rc\114258 | ||
| 005 | 20021216134456.9 | ||
| 035 | _a(NLR Aleph) 005373691 | ||
| 090 |
_a7026944 _c7026944 |
||
| 100 | _a20021216d1994 u |0rusy50 ca | ||
| 101 | 0 | _arus | |
| 102 | _aRU | ||
| 105 | _ay ||||||||| | ||
| 200 | 1 |
_aВдохновение _e[Стихи] _fЕлена Танева |
|
| 210 |
_aБ. м. _cБ. и. _d[1994?] _eБ. м. _gТип. "Знание" |
||
| 215 |
_a142 с. _d21 |
||
| 700 | 1 |
_aТанева _bЕ. К. _gЕлена Кирилловна |
|
| 801 | 0 |
_aRU _bNLR _gpsbo |
|
| 801 | 1 |
_aRU _bELAR _2rusmarc |
|
| 852 |
_aNLR _j94-3/7085 |
||
| 942 | _cBOOK | ||
| 980 | _aNB | ||